000 01295nam a22002777a 4500
001 5618
003 FISKH
005 20241220112852.0
008 241220b cb ||||| |||| 00| 0 eng d
020 _a9780439633758
040 _aFISKH
_beng
_cFISKH
_dFISKH
050 _aPZ7.R5996
082 _a823.914
100 _aRodda, Emily
245 _aIsle of the dead /
_cBy Emily Rodda
250 _aFirst American edition, December 2004
260 _aNew York :
_bScholastic ;
_c2004.
300 _a195 pages :
_billustrations ;
_c20 cm .
490 _aDragons of Deltora
_vBook 3
520 _aLief, Barda, Jasmine and Deltora's last dragons are on another quest to save the kingdom's starving people. But the Shadow Lord has become aware of their quest. Adventure and thrills in this fantastic continuation of the legendary Deltora series. Lief, Barda, and Jasmine face their starkest challenge yet as they must travel into the hideous Isle of the Dead in order to defeat the evil Shadow Lord's plan to return to power. By land, sea, or air, they will confront fearsome creatures along the way - valuing courage above all else.
650 _aDragons of Deltora
_vFiction
650 _aChildren
_vFiction
700 _aRowe, Kate
_eillustrator
942 _2ddc
_cBK
_n0
999 _c5618
_d5618